| 000 | 00851cam a2200289 a 4500 | ||
|---|---|---|---|
| 001 | 508697 | ||
| 003 | GBCCL | ||
| 005 | 20241126110407.0 | ||
| 008 | 830201s1979 tnua 00010 eng d | ||
| 035 | _a(OCoLC)ocn686929473 | ||
| 035 | _a(CStRLIN)CTYT83-B440 | ||
| 035 | _a508697 | ||
| 040 |
_aCtY-D _cCtY-D |
||
| 082 |
_a266.001 _bWIL |
||
| 090 | _b001938 | ||
| 100 | 1 |
_aWillis, Avery T. _93524 |
|
| 245 | 1 | 4 |
_aThe biblical basis of missions / _cAvery T. Willis, Jr. |
| 260 | 0 |
_aNashville, Tenn. : _bConvention Press, _cc1979. |
|
| 300 |
_a160 p. : _bill. ; _c20 cm. |
||
| 490 | 1 | _aBaptist doctrine series | |
| 490 | 1 | _aChurch study course | |
| 500 | _aOn cover: College student ed. | ||
| 650 | 0 |
_aMissions _xBiblical teaching. _9481 |
|
| 830 | 0 |
_aBaptist doctrine series. _93525 |
|
| 830 | 0 |
_aChurch study course. _93526 |
|
| 942 |
_2ddc _cBK _09 |
||
| 999 |
_c1717 _d1717 |
||